Geologic map of the Des Moines 7.5ʹ quadrangle, King County, Washington /

Bibliographic Details
Main Author: Booth, Derek B.
Corporate Author: Geological Survey (U.S.)
Other Authors: Waldron, Howard H. (Howard Hamilton), 1917-, Anders, Matt, Barnett, Elizabeth A., Haugerud, Ralph Albert
Format: Government Document Map
Language:English
Published: [Reston, Va.] : U.S. Dept. of the Interior, U.S. Geological Survey, 2004.
Edition:Version 1.0.
Series:Scientific investigations map ; 2855.
Subjects:
Online Access:https://purl.fdlp.gov/GPO/LPS55862

MARC

Tag First Indicator Second Indicator Subfields
LEADER 00000cem a2200000Ia 4500
001 in00002393333
005 20211202202808.0
006 m o d f
007 aj cznzn
007 cr cnu|||m||||
008 050201s2004 vauaeg bh a fo 0 eng d
034 1 |a a  |b 24000  |d W1222230  |e W1221500  |f N0473000  |g N0472230 
035 |a (OCoLC)ocm57542381 
043 |a n-us-wa 
040 |a GIS  |b eng  |c GIS  |d OCLCQ  |d GPO  |d OCLCQ  |d OCLCF  |d OCLCO  |d OCLCQ  |d GPO  |d MvI 
049 |a WWW 
052 |a 4283  |b K3 
074 |a 0619-G-33 (online) 
086 0 |a I 19.91/3:2855 
100 1 |a Booth, Derek B. 
245 1 0 |a Geologic map of the Des Moines 7.5ʹ quadrangle, King County, Washington /  |c by Derek B. Booth and Howard H. Waldron ; database and digital cartography by Ralph A. Haugerud, Elizabeth A. Barnett, and Matt D. Anders. 
250 |a Version 1.0. 
255 |a Scale 1:24,000 ;  |b universal transverse Mercator projection  |c (W 122°22ʹ30ʺ--W 122°15ʹ00ʺ/N 47°30ʹ00ʺ--N 47°22ʹ30ʺ). 
264 1 |a [Reston, Va.] :  |b U.S. Dept. of the Interior, U.S. Geological Survey,  |c 2004. 
300 |a 1 electronic map :  |b HTML, digital, PDF file. 
336 |a cartographic image  |b cri  |2 rdacontent 
337 |a computer  |b c  |2 rdamedia 
338 |a online resource  |b cr  |2 rdacarrier 
490 1 |a Scientific investigations map ;  |v 2855 
538 |a Mode of access: Internet from the USGS web site. Address as of 4/9/08: http://pubs.usgs.gov/sim/2004/2855/; current access via PURL. 
500 |a Relief shown by contours and spot heights. 
500 |a Depths shown by contours and soundings. 
500 |a Title from PDF title screen (viewed on Apr. 9, 2008). 
538 |a System requirements: PC with web browser, ArcGIS 9.0 or 8.3, ArcView 3.x, WinZip, and Adobe Reader 5.0. 
530 |a Also available via print-on-demand. 
500 |a Includes text, 2 tables, and location map. 
650 0 |a Geology  |z Washington (State)  |z King County  |v Maps. 
650 7 |a Geology.  |2 fast  |0 (OCoLC)fst00940627 
651 7 |a Washington (State)  |z King County.  |2 fast  |0 (OCoLC)fst01206427 
655 7 |a Maps.  |2 fast  |0 (OCoLC)fst01423704 
700 1 |a Waldron, Howard H.  |q (Howard Hamilton),  |d 1917- 
700 1 |a Anders, Matt. 
700 1 |a Barnett, Elizabeth A. 
700 1 |a Haugerud, Ralph Albert. 
710 2 |a Geological Survey (U.S.) 
775 0 8 |i Revised as:  |a Geological Survey (U.S.).  |t Lidar-revised geologic map of the Des Moines 7.5' quadrangle, King County, Washington  |w (OCoLC)1015249455 
776 0 8 |i Print version:  |a Booth, Derek B.  |t Geologic map of the Des Moines 7.5ʹ quadrangle, King County, Washington  |w (OCoLC)172816828 
830 0 |a Scientific investigations map ;  |v 2855. 
856 4 0 |u https://purl.fdlp.gov/GPO/LPS55862  |t 0 
999 f f |s 28aad855-e5f7-374e-b171-f89a55bc9ae0  |i 26517ca1-043d-38de-877f-fc59cd0994d1  |t 0 
952 f f |a Texas A&M University  |b College Station  |c Electronic Resources  |d Available Online  |t 0  |e I 19.91/3:2855  |h Superintendent of Documents classification 
998 f f |a I 19.91/3:2855  |t 0  |l Available Online